00265nam a22001217a 4500003000400000005001700004008004100021040000700062082001100069245003000080260002500110300000800135OSt20210929102224.0210929b |||||||| |||| 00| 0 eng d chu a301.24 aintroducing social change anew werkbhallc1965 a229